000 00393cam a2200169 4500
001 D12952
008 090401t1943 xxu||||| |||| 00| 0 eng d
035 _a(Sirsi) u6815
041 _aeng
100 _aHiggins, Arthur Lovat
245 _aElementary Surveying
260 _aLondon
_bLongmans Green and Co
_c1943
350 _a0
520 _aShelf 116
942 _n0
948 _c04/03/1997
999 _c86353
_d86353